000 00294nam a2200109Ia 4500
008 201210s9999 xx 000 0 und d
100 _aHarvard Business Review
245 0 _aProduction Management Series Part II.
260 _aBoston
_bHarvard Business School Press
300 _a158
942 _cBK
999 _c5490
_d5490